000 nam a22 7a 4500
999 _c7615
_d7615
008 170922b xxu||||| |||| 00| 0 eng d
100 _94119
_aSHAND
245 _aCIRUE DU FREAK
260 _aLONDON
_bHAR PERCOLLIM
_c2009